[Event "URS-FL"]
[Site "Kursk"]
[Date "1987.??.??"]
[Round "?"]
[White "Vaulin, Alexander"]
[Black "Melnikov, A."]
[Result "0-1"]
[WhiteElo "2420"]
[BlackElo "2335"]

1.e4 c5 2.Nf3 e6 3.d4 cxd4 4.Nxd4 Nc6 5.Nb5 d6 6.c4 Nf6 7.N1c3 a6 8.Na3 Be7
9.Be2 O-O 10.O-O b6 11.Be3 Ne5 12.f3 Bb7 13.Qb3 Ned7 14.Rfd1 Qc7 15.Rac1 Rac8
16.Bf1 Qb8 17.Kh1 Bd8 18.Bg1 Bc7 19.Nc2 Kh8 20.Ne3 Rg8 21.Qc2 g5 22.b4 Rg6
23.Qb2 Kg8 24.Bd3 Ne5 25.Bb1 Nh5 26.Qf2 Rh6 27.Ne2 Kh8 28.h3 Rg8 29.Bh2 Nf6
30.Kg1 Rhg6 31.c5 dxc5 32.bxc5 bxc5 33.f4 gxf4 34.Nxf4 Rh6 35.Rxc5 Bxe4 36.Rxc7 Qxc7
37.Bxe4 Nxe4 38.Qb2 f6 39.Rf1 Qc5  0-1

[Event "Medellin"]
[Site "Medellin"]
[Date "1987.??.??"]
[Round "?"]
[White "Alzate, Dario"]
[Black "Baquero, Luis A"]
[Result "1-0"]
[WhiteElo "2365"]
[BlackElo "2240"]

1.e4 c5 2.Nf3 e6 3.d4 cxd4 4.Nxd4 Nc6 5.Nb5 d6 6.c4 Nf6 7.N5c3 a6 8.Be2 Qc7
9.O-O Be7 10.Be3 O-O 11.Na3 b6 12.Rc1 Nb8 13.Qd2 Bb7 14.f3 Nbd7 15.Rfd1 Rac8
16.Bf1 Rfe8 17.Kh1 Qb8 18.Qf2 Ba8 19.Rc2 d5 20.cxd5 exd5 21.Nxd5 Bxd5 22.Rxc8 Rxc8
23.exd5 b5 24.Nb1 Qe5 25.Nc3 Bd6 26.f4 Qh5 27.Be2 Ng4 28.Qg3 f5 29.Ne4 Bf8
30.Ng5 Re8 31.Ne6 Ndf6 32.Bxg4 fxg4 33.Bg1 Nxd5 34.Rxd5 Qxd5 35.Nc7 Qd7 36.Nxe8 Qxe8
37.Qxg4 g6 38.Qd1 Qc6 39.Qb3+ Kh8 40.Bd4+ Bg7 41.Qc3 Qxc3 42.Bxc3 Bxc3 43.bxc3 h5
44.g3 Kg7 45.Kg2 Kf6 46.Kf3 Kf5 47.h3 a5 48.g4+ Ke6 49.Ke4 h4 50.g5 b4 51.cxb4 axb4
52.f5+ Kf7  1-0

[Event "Medellin"]
[Site "Medellin"]
[Date "1987.??.??"]
[Round "?"]
[White "Alzate, Dario"]
[Black "Zapata, Alonso"]
[Result "1/2-1/2"]
[WhiteElo "2365"]
[BlackElo "2505"]

1.e4 c5 2.Nf3 e6 3.d4 cxd4 4.Nxd4 Nc6 5.Nb5 d6 6.c4 Nf6 7.N5c3 Be7 8.Be2 O-O
9.O-O b6 10.Na3 Bb7  1/2-1/2

[Event "New York op"]
[Site "New York"]
[Date "1987.??.??"]
[Round "?"]
[White "Murrey, Jacob"]
[Black "Paunovic, Dragan"]
[Result "1/2-1/2"]
[WhiteElo "2505"]
[BlackElo "2465"]

1.e4 c5 2.Nf3 Nc6 3.d4 cxd4 4.Nxd4 e6 5.Nb5 d6 6.c4 Nf6 7.N1c3 a6 8.Nd4 Be7
9.Be2 Qc7 10.Be3 Ne5 11.Rc1 b6 12.f4 Ned7 13.Bf3 Bb7 14.f5 e5 15.Nd5 Qd8
16.Ne2 Nxd5 17.cxd5 Bg5 18.Qd2 Bxe3 19.Qxe3 Rc8 20.O-O O-O 21.Rxc8 Qxc8 22.Rc1 Qb8
23.f6 g6 24.g4 Rc8 25.Rf1 Nxf6 26.g5 Ne8 27.Bg4 Rc7 28.Qf2 Qd8 29.h4 Bc8
30.Be6 Bxe6 31.dxe6 Qe7 32.exf7+ Qxf7 33.Qxb6 Qxa2 34.Nc3 Qe6 35.Kh2 Rf7
36.Rxf7 Qxf7 37.Nd5 Qf3 38.Qd8  1/2-1/2

[Event "Tatran Cup"]
[Site "Stary Smokovec"]
[Date "1987.??.??"]
[Round "?"]
[White "Gross, Stefan"]
[Black "Beil, Zdenek"]
[Result "1-0"]
[WhiteElo "2430"]
[BlackElo "2405"]

1.e4 c5 2.Nf3 e6 3.d4 cxd4 4.Nxd4 Nc6 5.Nb5 d6 6.Bf4 e5 7.Be3 a6 8.N5c3 Nf6
9.Na3 Rb8 10.Nd5 Nxd5 11.exd5 Ne7 12.Bc4 Nf5 13.Bd2 Be7 14.O-O O-O 15.Re1 Bg5
16.Bf1 b5 17.c4 Bxd2 18.Qxd2 b4 19.Nc2 Qb6 20.b3 Bd7 21.a3 a5 22.axb4 axb4
23.Ra2 Rb7 24.Rea1 Rfb8 25.Ra6 Qc7 26.Bd3 g6 27.Bxf5 Bxf5 28.Rc6 Qe7 29.Raa6 Bxc2
30.Qxc2 Rd8 31.g3 e4 32.Qd2 Qe5 33.Qf4 Qd4 34.Kg2 Qd3 35.Rxd6 Rxd6 36.Rxd6 Qxb3
37.Rd8+ Kg7 38.Qxe4 Qd1 39.d6 Ra7 40.Qe5+ f6 41.Qe8 g5 42.Qe7+  1-0

[Event "Tel Aviv"]
[Site "Tel Aviv"]
[Date "1987.??.??"]
[Round "?"]
[White "Kaganski, Mihail"]
[Black "Shrentzel, Israel"]
[Result "1-0"]
[WhiteElo "2285"]
[BlackElo "2315"]

1.e4 c5 2.Nf3 Nc6 3.d4 cxd4 4.Nxd4 e6 5.Nb5 d6 6.c4 Nf6 7.N5c3 Be7 8.Be2 O-O
9.O-O b6 10.Na3 Bb7 11.Bg5 a6 12.Qd2 Qc7 13.Rfd1 Rfd8 14.Rac1 Ne5 15.f3 Rac8
16.Be3 Ned7 17.Bf1 Qb8 18.Qf2 d5 19.exd5 exd5 20.cxd5 Bd6 21.Qh4 b5 22.Ne4 Rxc1
23.Bxc1 Bxa3 24.bxa3 Bxd5 25.Nxf6+ Nxf6 26.Bb2 Bxa2 27.Bd3 Qb6+ 28.Kh1 h5
29.Bxf6 gxf6 30.Qe4 Be6 31.h3 Kf8 32.Qb4+ Qd6 33.Bxb5 Qxb4 34.Rxd8+ Ke7 35.axb4 Kxd8
36.Bxa6 Kc7 37.Kh2 h4 38.g3 hxg3+ 39.Kxg3 Bf5 40.Bf1 Kd6 41.Kf4 Bc2 42.Ke3  1-0

[Event "Timisoara"]
[Site "Timisoara"]
[Date "1987.??.??"]
[Round "?"]
[White "Stoica, Valentin"]
[Black "Gheorghiu, Florin"]
[Result "1/2-1/2"]
[WhiteElo "2440"]
[BlackElo "2540"]

1.e4 c5 2.Nf3 Nc6 3.d4 cxd4 4.Nxd4 e6 5.Nb5 d6 6.c4 Nf6 7.N1c3 a6 8.Na3 Be7
9.Be2 O-O 10.O-O b6 11.Be3 Ne5 12.f3 Bb7 13.Qd2 Rc8 14.Rfd1 Ned7 15.Rac1 Qc7
16.Kh1 Qb8 17.Bf1 Rfe8  1/2-1/2

[Event "Timisoara"]
[Site "Timisoara"]
[Date "1987.??.??"]
[Round "?"]
[White "Stoica, Valentin"]
[Black "Liang Jinrong"]
[Result "1-0"]
[WhiteElo "2440"]
[BlackElo "2415"]

1.e4 c5 2.Nf3 e6 3.d4 cxd4 4.Nxd4 Nc6 5.Nb5 d6 6.c4 Nf6 7.N1c3 a6 8.Na3 Be7
9.Be2 O-O 10.O-O b6 11.Be3 Ne5 12.f3 Bb7 13.Qb3 Ned7 14.Rfd1 Qc7 15.Rac1 Rac8
16.Bf1 Rfe8 17.Kh1 h6 18.Bg1 Kh8 19.Ne2 Qb8 20.Nc2 Bd8 21.Nc3 Nc5 22.Qa3 Be7
23.b4 Ncd7 24.Qb3 Rg8 25.a3 g5 26.Bd4 Ba8 27.Qb2 Kh7 28.Re1 Rg6 29.Qb1 Ne5
30.Ne3 Nc6 31.Nf5 Bd8 32.b5 axb5 33.cxb5 Nxd4 34.Nxd4 Nd7 35.Na2 Ne5 36.Nb4 Kh8
37.Rxc8 Qxc8 38.Rc1 Qd7 39.Qc2 Bb7 40.Ndc6 Bf6 41.Nxe5 dxe5 42.Qc7 Qe7 43.Qxe7 Bxe7
44.Rc7 Bxb4 45.axb4 Ba8 46.Rxf7 Rg8 47.Re7 Rb8 48.h3 Bb7 49.Bc4  1-0

[Event "Zenica"]
[Site "Zenica"]
[Date "1987.??.??"]
[Round "?"]
[White "Terzic, Safet"]
[Black "Horvath, Jozsef"]
[Result "1-0"]
[WhiteElo "2345"]
[BlackElo "2470"]

1.e4 c5 2.Nf3 Nc6 3.d4 cxd4 4.Nxd4 e6 5.Nb5 d6 6.Bf4 e5 7.Be3 a6 8.N5c3 Nf6
9.Bg5 Be7 10.Bxf6 Bxf6 11.Nd5 Bg5 12.Nbc3 b5 13.h4 Bh6 14.g4 g6 15.g5 Bg7
16.h5 O-O 17.Rg1 Be6 18.a3 Nd4 19.Bd3 Ra7 20.Rg3 f6 21.hxg6 fxg5 22.gxh7+ Kh8
23.Qh5 g4 24.O-O-O Rxf2 25.Ne3 Qf8 26.Nf5 Nxf5 27.exf5 Bxf5 28.Bxf5 Rxf5
29.Qxg4 Rf1 30.Rg1 Raf7 31.Qh3 Rxg1 32.Rxg1 Rf3 33.Qg2 Rf2 34.Qh3 e4 35.Kb1 Rf3
36.Qe6 e3 37.Re1 Qf7 38.Rxe3 Rf1+ 39.Ka2 Kxh7 40.Nd5 Qxe6 41.Rxe6 Be5 42.Re7+ Kg6
43.Ra7 Rf2 44.Nb4 Bd4 45.Rxa6 Bc5 46.Nd3 Rxc2 47.Kb3  1-0

[Event "Bad Woerishofen op"]
[Site "Bad Woerishofen"]
[Date "1988.??.??"]
[Round "8"]
[White "Wahls, Matthias"]
[Black "Van Mil, Johannes A J"]
[Result "1-0"]
[WhiteElo "2440"]
[BlackElo "2395"]

1.e4 c5 2.Nf3 e6 3.d4 cxd4 4.Nxd4 Nc6 5.Nb5 d6 6.Bf4 e5 7.Be3 Nf6 8.Bg5 Be6
9.Nd2 a6 10.Bxf6 gxf6 11.Nc3 Bh6 12.Nc4 Nd4 13.Nd5 Bxd5 14.exd5 Rc8 15.c3 b5
16.Ne3 Bxe3 17.fxe3 Nf5 18.Qf3 Nh4 19.Qf2 Ng6 20.Be2 Qb6 21.O-O f5 22.Bd3 e4
23.Qxf5 Qxe3+ 24.Kh1 O-O 25.Bxe4 Rce8 26.Bc2 Re5 27.Qf6 Qd2 28.Rac1 Rg5 29.Be4 Re5
30.Bc2 Rg5 31.Be4 Re5 32.Rc2 Qg5 33.Qxg5 Rxg5 34.g3 Re5 35.Bf3 f5 36.Kg2 Kg7
37.c4 Ne7 38.cxb5 axb5 39.Rc7 Rf7 40.Rd1 Ng6 41.Rc6 Ra7 42.a3 b4 43.axb4 Rb7
44.Rd4 Re3 45.Rc3 Re1 46.Rb3 Ne5 47.b5 Kf6 48.b6 Nd7 49.Rc4 Re8 50.Rc6 Nc5  1-0

[Event "Barcelona Vulca"]
[Site "Barcelona"]
[Date "1988.??.??"]
[Round "9"]
[White "Cuadras, Jorge"]
[Black "Cramling, Pia"]
[Result "0-1"]
[WhiteElo "2300"]
[BlackElo "2435"]

1.e4 c5 2.Nf3 e6 3.d4 cxd4 4.Nxd4 Nc6 5.Nb5 d6 6.c4 Nf6 7.N1c3 a6 8.Na3 b6
9.Be2 Bb7 10.Be3 Ne5 11.f3 Ned7 12.O-O Be7 13.Qd2 O-O 14.Rac1 Rc8 15.Rfd1 Qc7
16.Nab1 Qb8 17.Bf1 Ne5 18.b3 Bd8 19.h3 Bc7 20.Qf2 Ned7 21.Kh1 Rfe8 22.Bf4 Ne5
23.Bh2 Rcd8 24.Qg1 Nh5 25.f4 Nd7 26.Nd2 Nhf6 27.Bd3 Nc5 28.Bb1 Qa8 29.Re1 d5
30.cxd5 exd5 31.e5 Nfe4 32.Ndxe4 dxe4 33.Nxe4 Nxe4 34.Rxc7 Rd2 35.Qe3 Nf2+
36.Kg1 Bxg2 37.Bf5 Bh1 38.Qg3 Nd3 39.Bxd3 Rg2+ 40.Kxh1 Rxg3+ 41.Be4 Qd8 42.Rec1 Rxh3
43.Bf5 Qd5+ 44.Kg1 Qd4+  0-1

[Event "GMA-Open"]
[Site "Belgrade"]
[Date "1988.??.??"]
[Round "?"]
[White "Westerinen, Heikki MJ"]
[Black "Marjanovic, Slavoljub"]
[Result "1-0"]
[WhiteElo "2395"]
[BlackElo "2485"]

1.e4 c5 2.Nf3 e6 3.d4 cxd4 4.Nxd4 Nc6 5.Nb5 d6 6.Bf4 e5 7.Be3 Nf6 8.f3 Be6
9.c4 Be7 10.Be2 O-O 11.O-O Kh8 12.Qd2 Rg8 13.Rd1 Ne8 14.N1c3 g5 15.Nd5 Bf8
16.Rac1 b6 17.Kh1 Rb8 18.b4 a6 19.Nbc3 a5 20.b5 Nd4 21.Bxd4 exd4 22.Qxd4+ Bg7
23.Qf2 Be5 24.Na4 Nf6 25.Naxb6 g4 26.g3 gxf3 27.Bxf3 Ng4 28.Bxg4 Rxg4 29.c5 dxc5
30.Nc4 Bd4 31.Rxd4 cxd4 32.Qxd4+ f6 33.Nce3 Rg7 34.a4 Bh3 35.Qxf6 Qxf6 36.Nxf6 Rf8
37.Ned5 Be6 38.Kg2 Rgf7 39.e5 Bxd5+ 40.Nxd5 Rf5 41.b6 Rxe5 42.Rc5 Re2+ 43.Kh3 Rb2
44.Rxa5 Rff2 45.Ra7 Rxh2+ 46.Kg4 Rh6 47.b7 Rg6+ 48.Kf4 Rg8 49.a5 Rf2+ 50.Ke5 Re2+
51.Kd6 Rb2 52.Ne7 Rd2+ 53.Kc5 Rg5+ 54.Kc6 Rc2+ 55.Kd6 Rb2 56.Ra8+ Kg7 57.Rg8+  1-0

[Event "GMA-Open"]
[Site "Belgrade"]
[Date "1988.??.??"]
[Round "?"]
[White "Micic, Cedomir"]
[Black "Paunovic, Dragan"]
[Result "0-1"]
[WhiteElo "2355"]
[BlackElo "2430"]

1.e4 c5 2.Nf3 Nc6 3.d4 cxd4 4.Nxd4 e6 5.Nb5 d6 6.c4 Nf6 7.N5c3 Be7 8.Be2 O-O
9.O-O b6 10.Bf4 Bb7 11.Re1 Ne5 12.Nd2 Rc8 13.Rc1 Qc7 14.a3 Qb8 15.b4 Nfd7
16.Bf1 Qa8 17.Be3 Nf6 18.f3 Rfe8 19.Qb3 Bf8 20.Bg5 Ned7 21.Bh4 g6 22.Rcd1 Qb8
23.Bf2 Bg7 24.a4 a6 25.Rc1 Bh6 26.Rc2 Qc7 27.Qa3 Ne5 28.Ncb1 Nfd7 29.Be3 Bxe3+
30.Qxe3 a5 31.bxa5 bxa5 32.Nc3 Nc5 33.Nb5 Qe7 34.Nb3 Nxa4 35.Ra1 Nc5 36.Rxa5 Nxb3
37.Qxb3 d5 38.cxd5 exd5 39.Rxc8 Rxc8 40.Nd6 Qxd6 41.Qxb7 Rc2 42.f4 Nf3+  0-1

[Event "Berlin op"]
[Site "Berlin-West"]
[Date "1988.??.??"]
[Round "2"]
[White "In't Veld, Henry"]
[Black "Pekarek, Ales"]
[Result "0-1"]
[WhiteElo "2155"]
[BlackElo "2455"]

1.e4 c5 2.Nf3 e6 3.d4 cxd4 4.Nxd4 Nc6 5.Nb5 d6 6.c4 a6 7.N5c3 Nf6 8.Be2 Be7
9.O-O O-O 10.Be3 b6 11.Na3 Re8 12.Qb3 Nd7 13.Rfd1 Bb7 14.Rac1 Nc5 15.Qc2 Rc8
16.Nab1 Qc7 17.Nd2 Qb8 18.Qb1 Bf8 19.b4 Nd7 20.a3 Ne7 21.Na4 Ng6 22.Qb3 d5
23.cxd5 Rxc1 24.Rxc1 exd5 25.Nxb6 Nxb6 26.Bxb6 Bd6 27.h3 Nf4 28.Bf1 dxe4
29.Bd4 e3 30.fxe3 Nh5 31.Bc4 Bh2+ 32.Kh1 Bxg2+ 33.Kxg2 Qg3+ 34.Kf1 Qg1+ 35.Ke2 Nf4+
36.Kf3 Qg2+  0-1

[Event "Berlin op"]
[Site "Berlin-West"]
[Date "1988.??.??"]
[Round "3"]
[White "Wahls, Matthias"]
[Black "Semkov, Semko"]
[Result "1-0"]
[WhiteElo "2460"]
[BlackElo "2445"]

1.e4 c5 2.Nf3 e6 3.d4 cxd4 4.Nxd4 Nc6 5.Nb5 d6 6.Bf4 e5 7.Be3 Nf6 8.Bg5 Be6
9.Nd2 Rc8 10.Nc4 Nd4 11.Bxf6 gxf6 12.Nxd4 Bxc4 13.Nf5 Qa5+ 14.c3 Be6 15.Qf3 d5
16.Bd3 Bxf5 17.Qxf5 Rc6 18.exd5 Rd6 19.Qc8+ Ke7 20.Qxb7+ Rd7 21.d6+ Kxd6
22.Qf3 Ke7 23.O-O Bh6 24.a3 Rhd8 25.Bxh7 Rd2 26.b4 Qa4 27.c4 Rb2 28.Rfd1 Bd2
29.g3 Rd4 30.c5 Rb3 31.Qe2 Bc3 32.Rxd4 Bxd4 33.Ra2 Rxa3 34.Rc2 Qxb4 35.c6 Rc3
36.Bf5 Qc5 37.Rxc3 Qxc3 38.Qf3 a5 39.Qxc3  1-0

[Event "Bern"]
[Site "Bern"]
[Date "1988.??.??"]
[Round "?"]
[White "Campora, Daniel H"]
[Black "Adler, Joel"]
[Result "1-0"]
[WhiteElo "2540"]
[BlackElo "2290"]

1.e4 c5 2.Nf3 Nc6 3.d4 cxd4 4.Nxd4 e6 5.Nb5 d6 6.c4 Nf6 7.N1c3 a6 8.Na3 Be7
9.Be2 O-O 10.Be3 b6 11.O-O Ne5 12.f4 Ned7 13.Bf3 Bb7 14.Rc1 Re8 15.Qe2 Rc8
16.Nab1 Rc7 17.Nd2 Qa8 18.Bf2 b5 19.a3 Rec8 20.cxb5 axb5 21.Nb3 d5 22.exd5 Nxd5
23.Nxd5 Bxd5 24.Rxc7 Rxc7 25.Nd4 Bxf3 26.Nxf3 Qa4 27.f5 Nf8 28.Nd4 Qc4 29.Qxc4 bxc4
30.a4 Bf6 31.Rc1 exf5 32.b4 c3 33.a5 Rc4 34.Nc2 Ne6 35.a6 Nc7 36.a7 Na8 37.b5 Bg5
38.b6  1-0

[Event "Bern"]
[Site "Bern"]
[Date "1988.??.??"]
[Round "?"]
[White "Bex, Pierre Alain"]
[Black "Adler, Joel"]
[Result "0-1"]
[WhiteElo "2235"]
[BlackElo "2290"]

1.e4 c5 2.Nf3 Nc6 3.d4 cxd4 4.Nxd4 e6 5.Nb5 d6 6.c4 Nf6 7.N1c3 a6 8.Na3 Be7
9.Be2 O-O 10.O-O b6 11.Be3 Ne5 12.f4 Ned7 13.Bf3 Bb7 14.Qe2 Rc8 15.g4 h6
16.Rad1 Qc7 17.h4 Nh7 18.g5 g6 19.h5 hxg5 20.hxg6 fxg6 21.Bg4 gxf4 22.Bxe6+ Kg7
23.Bxf4 Ng5 24.Bg4 Rce8 25.Qd2 Ne5 26.Bxg5 Nxg4 27.Qd4+ Ne5 28.Bf4 Rd8 29.Nd5 Bxd5
30.cxd5 Bf6 31.Qe3 Rh8 32.Kg2 Qd7 33.Qg3 Rh4 34.Bxe5 dxe5 35.Rxf6 Rg4 36.Rf3 Rxg3+
37.Kxg3 Rh8 38.Kg2 Qg4+ 39.Kf2 Rh2+ 40.Ke3 Qg2  0-1

[Event "Bern op"]
[Site "Bern"]
[Date "1988.??.??"]
[Round "?"]
[White "Trefzer, Erhard"]
[Black "Kaenel, Hansjuerg"]
[Result "0-1"]
[WhiteElo "1800"]
[BlackElo "2350"]

1.e4 c5 2.Nf3 e6 3.d4 cxd4 4.Nxd4 Nc6 5.Nb5 d6 6.c4 Nf6 7.N1c3 a6 8.Na3 Be7
9.Be3 b6 10.Be2 O-O 11.O-O Ra7 12.f4 Bd7 13.Qe1 Qb8 14.Rd1 Rb7 15.Qg3 Kh8
16.Bf3 b5 17.cxb5 axb5 18.Naxb5 Rxb5 19.Nxb5 Qxb5 20.Rf2 Ra8 21.a3 Ra4 22.e5 dxe5
23.Bxc6 Bxc6 24.fxe5 Ne4 25.Rxf7 Nxg3 26.Rd8+ Be8 27.Rxe7  0-1

[Event "URS-ch otbor56"]
[Site "Blagoveshchensk"]
[Date "1988.??.??"]
[Round "?"]
[White "Zhuravliov, Valerij"]
[Black "Zilberstein, Valery I"]
[Result "1/2-1/2"]
[WhiteElo "2375"]
[BlackElo "2350"]

1.e4 c5 2.Ne2 Nc6 3.d4 cxd4 4.Nxd4 e6 5.Nb5 d6 6.c4 Nf6 7.f3 a6 8.N5c3 Be7
9.Be3 O-O 10.Be2 Qc7 11.O-O b6 12.Qd2 Bb7 13.Rc1 Nd7 14.Nd5 exd5 15.cxd5 Rfc8
16.dxc6 Bxc6 17.Nc3 Qb7 18.Bc4 b5 19.Bb3 Nc5 20.Bd5 Bf6 21.Bxc6 Rxc6 22.Nd5 Rac8
23.Nxf6+ gxf6 24.Bd4 Qe7 25.Qh6 Nd7 26.Rxc6 Rxc6 27.Bc3 d5 28.exd5 Qc5+ 29.Kh1 Qxd5
30.Qh4 Ne5 31.h3 Ng6 32.Qg3 Kg7 33.a3 Re6 34.Qf2 Qd3 35.Qg1 Nf4 36.Rd1 Qg6
37.Re1 Re2 38.Rxe2 Nxe2 39.Qe1 Qd3 40.Bd2 h5 41.Bb4 Qe3 42.Bd2 Qd3 43.Bb4 Qe3
44.Bd6 Qd3 45.Bb4  1/2-1/2

[Event "Budapest"]
[Site "Budapest"]
[Date "1988.??.??"]
[Round "?"]
[White "Wahls, Matthias"]
[Black "Lau, Ralf"]
[Result "1/2-1/2"]
[WhiteElo "2440"]
[BlackElo "2540"]

1.e4 c5 2.Nf3 e6 3.d4 cxd4 4.Nxd4 Nc6 5.Nb5 d6 6.Bf4 e5 7.Be3 Nf6 8.Bg5 Qa5+
9.Qd2 Nxe4 10.Qxa5 Nxa5 11.Be3 Kd7 12.f3 Nf6 13.Bxa7 d5 14.f4 exf4 15.N1c3 Bb4
16.Bd4 Re8+ 17.Be2 Kc6 18.Bxf6 gxf6 19.O-O-O Be6 20.Bf3 Rad8 21.Nd4+ Kc7
22.Nce2 Bf8 23.Nxf4 Bh6 24.Ne2 d4 25.Kb1 Bc4 26.b3 Ba6 27.g3 Re3 28.Bg4 Nc6
29.Nc1 Ne5 30.Bf5 Bxf4 31.gxf4 Ng6 32.Rd2 Rd5 33.Bd3 Bxd3 34.Nxd3 Rf3 35.Re1 Nxf4
36.Re7+ Rd7 37.Rxd7+ Kxd7 38.Nxf4 Rxf4 39.c3 Kc6 40.cxd4 Kd5 41.Rg2 Kxd4
42.Rg7 Kc3 43.Rg3+ Kb4 44.Rh3 Rf1+ 45.Kb2 Rf2+ 46.Kb1 b5 47.a4 bxa4 48.bxa4 Kxa4
49.Rxh7 Kb3 50.Kc1 Kc3 51.Kd1 Kd3 52.Ke1 Rf3 53.Rxf7 f5 54.Re7 Rh3 55.Re2 f4
56.Kf1 Rf3+ 57.Rf2 Ke3 58.Rxf3+ Kxf3 59.h4 Kg4 60.Kf2 Kxh4 61.Kf3 Kg5 62.Kf2 Kg4
63.Kg2 f3+ 64.Kf2 Kf4 65.Kf1 Kg3 66.Kg1 f2+ 67.Kf1 Kf3  1/2-1/2

[Event "Noviki"]
[Site "Budapest"]
[Date "1988.??.??"]
[Round "?"]
[White "Szalanczy, Emil"]
[Black "Horvath, Jozsef"]
[Result "0-1"]
[WhiteElo "2400"]
[BlackElo "2495"]

1.e4 c5 2.Nf3 Nc6 3.d4 cxd4 4.Nxd4 e6 5.Nb5 d6 6.Bf4 e5 7.Be3 a6 8.N5c3 Nf6
9.Na3 Rb8 10.Nd5 Nxd5 11.exd5 Ne7 12.c3 Nf5 13.Bd2 Be7 14.g3 O-O 15.Bg2 Bd7
16.O-O Re8 17.Re1 Rc8 18.b4 Bg5 19.Re4 h6 20.Nc4 Bxd2 21.Qxd2 b5 22.Na5 Qg5
23.Qxg5 hxg5 24.Rc1 Rc7 25.Ree1 Rec8 26.Nc6 Kf8 27.Rcd1 f6 28.a4 Ne7 29.axb5 axb5
30.f4 gxf4 31.gxf4 Nxd5 32.Rxd5 Bxc6 33.Rxd6 exf4 34.Bxc6 Rxc6 35.Rd5 Rxc3
36.Rxb5 Re3 37.Rf1 g5 38.Rb7 Re7 39.Rb6 Kg7 40.h4 Re3 41.Rf2 Rg3+ 42.Rg2 Rc1+
43.Kh2 Rxg2+ 44.Kxg2 g4 45.b5 f3+ 46.Kg3 Rg1+ 47.Kf2 Rg2+ 48.Kf1 g3 49.Rb7+ Kh6
50.Rb6 Kg6 51.Rb8 Kf5 52.Rg8 Kf4 53.Rg6 f5 54.Ra6 Rh2 55.Ra4+ Ke5 56.Ke1 Rh1+
57.Kd2 g2  0-1

[Event "Noviki"]
[Site "Budapest"]
[Date "1988.??.??"]
[Round "?"]
[White "Perenyi, Bela"]
[Black "Kochyev, Alexander"]
[Result "1/2-1/2"]
[WhiteElo "2455"]
[BlackElo "2480"]

1.e4 c5 2.Nf3 e6 3.d4 cxd4 4.Nxd4 Nc6 5.Nb5 d6 6.Bf4 e5 7.Be3 a6 8.N5a3 b5
9.c4 b4 10.Nc2 Rb8 11.Be2 Nf6 12.O-O Be7 13.a3 bxa3 14.bxa3 O-O 15.Nc3 Be6
16.Nd5 Nxe4 17.Bf3 Nc5 18.Ncb4 Nxb4 19.axb4 Bxd5 20.Bxd5 Rxb4 21.Bxc5 dxc5
22.Rxa6 Qb8 23.g3 Rb6 24.Rxb6 Qxb6 25.Qh5 Bf6 26.Qf5 Qd6 27.Rb1 Rb8 28.Rxb8+ Qxb8
29.Be4 Kf8 30.Qxh7 g6 31.Kg2 Qd6 32.Bd5 Qe7 33.f3 Qa7 34.h4 Bg7 35.h5 Qa2+
36.Kh3 Qb1 37.hxg6 fxg6 38.Qg8+  1/2-1/2

[Event "Compack"]
[Site "Budapest"]
[Date "1988.??.??"]
[Round "?"]
[White "Kosten, Anthony C"]
[Black "Horvath, Jozsef"]
[Result "1/2-1/2"]
[WhiteElo "2510"]
[BlackElo "2495"]

1.e4 c5 2.Nf3 e6 3.d4 cxd4 4.Nxd4 Nc6 5.Nb5 d6 6.Bf4 e5 7.Be3 a6 8.N5c3 Nf6
9.Bc4 Be7 10.Nd5 Nxd5 11.Bxd5 O-O 12.Qd2 Be6 13.Nc3 Rc8 14.O-O b5 15.a4 b4
16.Ne2 Qc7 17.Rfe1 Qb8 18.a5 Bd8 19.Ra4 Qb5 20.b3 Bxd5 21.exd5 Ne7 22.Rd1 Bxa5
23.Ng3 f5 24.Bg5 Bd8 25.Bxe7 Bxe7 26.Rxb4 Rxc2 27.Qxc2 Qxb4 28.Nxf5 Bd8 29.Ng3 Bb6
30.Ne4 h6 31.g3 Rf3 32.Rb1 Qd4 33.Kg2 Qd3 34.Qxd3 Rxd3 35.Nxd6 Rxd5 36.Nc4 Rb5
37.Kf3 a5 38.Nd2 Bd4 39.Rc1 Rb7 40.Ke2 Kf7 41.f3 Ra7 42.Rc4 Ke6 43.Kd3 Kd5
44.Ra4 Bc5 45.Rg4 Rb7 46.Rg6 Bb4 47.Nc4 Bc5 48.Nd2 Bb4 49.Ne4 Bf8 50.Nc3+ Kc5
51.Ra6 Rxb3 52.Rxa5+ Kb6 53.Ra4 Kc6 54.Rc4+ Kd7 55.Ke4 Ke6 56.h4 Rb4 57.Rxb4 Bxb4
58.Ne2 h5 59.f4 exf4 60.Nxf4+ Kf7 61.Nxh5 g5 62.hxg5 Kg6 63.Nf4+ Kxg5 64.Kf3 Bd6
65.Nh3+ Kg6 66.g4 Be5 67.Nf2 Bd4 68.Nd3 Kg5 69.Nf4 Be5 70.Nh3+  1/2-1/2

[Event "Compack"]
[Site "Budapest"]
[Date "1988.??.??"]
[Round "?"]
[White "Wedberg, Tom"]
[Black "Horvath, Jozsef"]
[Result "1/2-1/2"]
[WhiteElo "2510"]
[BlackElo "2495"]

1.e4 c5 2.Nf3 e6 3.d4 cxd4 4.Nxd4 Nc6 5.Nb5 d6 6.Bf4 e5 7.Be3 a6 8.N5c3 Nf6
9.Bc4 Be7 10.Nd5 Nxd5 11.Bxd5 O-O 12.Na3 Bg5 13.Nc4 Bxe3 14.Nxe3 Qb6 15.Rb1 Ne7
16.O-O Nxd5 17.Nxd5 Qd8 18.Qd2 Be6 19.Rbd1 Rc8 20.c3 Rc5 21.Ne3 Rc6 22.Nd5 Rc5
23.Ne3 Rc6 24.Ra1 Qg5 25.Rfd1 Rfc8 26.Nd5 Qxd2 27.Rxd2 Bxd5 28.Rxd5 Kf8 29.Rad1 Ke7
30.R1d3 b5 31.h4 Rb6 32.a3 Rc4 33.f3 f5 34.exf5 Rxh4 35.g3 Rh6 36.Kg2 Rf6
37.g4 g6 38.fxg6 hxg6 39.Rd1 Rb8 40.Rh1 Rbf8 41.Rd3 Ke6 42.Rhd1 Ke7 43.Rh1  1/2-1/2

[Event "BCA op"]
[Site "Buenos Aires"]
[Date "1988.??.??"]
[Round "?"]
[White "Needleman, Alejandro"]
[Black "Bronstein, Luis"]
[Result "1-0"]
[WhiteElo "2285"]
[BlackElo "2405"]

1.e4 c5 2.Nf3 e6 3.d4 cxd4 4.Nxd4 Nc6 5.Nb5 d6 6.c4 Nf6 7.N5c3 Be7 8.Be2 b6
9.O-O Bb7 10.f4 a6 11.Be3 O-O 12.Bf3 Na5 13.Qe2 b5 14.e5 Bxf3 15.Qxf3 dxe5
16.fxe5 Nd7 17.Qg3 Bh4 18.Qf4 Nxc4 19.Bd4 f5 20.b3 Bg5 21.Qg3 Bh4 22.Qf4 Bg5
23.Qg3 Ncxe5 24.Bxe5 Nxe5 25.Qxe5 Qb6+ 26.Kh1 Bf6 27.Qg3 Rac8 28.b4 Qc6 29.Rc1 Rfd8
30.a3 Qc4 31.Qe1 Qf4 32.Ra2 Kf7 33.Rf2 Qd4 34.Rd1 Qe5 35.Re2 Rxd1 36.Qxd1 Qc7
37.Rd2 Rd8 38.Rxd8 Bxd8 39.Qh5+ Kf8 40.Qxh7 Bf6 41.Qh3 Qf4 42.Qh8+ Kf7 43.Qh5+ Ke7
44.Qf3 Qc1+ 45.Qd1 Qxd1+ 46.Nxd1 Kd6 47.Kg1 Kd5 48.Nd2 Kd4 49.Kf2 Kd3 50.Ke1 e5
51.Nb3 e4 52.Nc5+ Kd4 53.Nxa6 Be5 54.h3 f4 55.Nc5 e3 56.Ke2 Kc4 57.Kf3 g5
58.Ke2 Bd4 59.Nb7 Be5 60.Na5+ Kd5 61.Kd3 Bd4 62.Nb3 Bf6 63.Nc5 Be7 64.Nc3+ Kc6
65.Ne6  1-0

[Event "Debrecen"]
[Site "Debrecen"]
[Date "1988.??.??"]
[Round "?"]
[White "Szalanczy, Emil"]
[Black "Horvath, Jozsef"]
[Result "1/2-1/2"]
[WhiteElo "2420"]
[BlackElo "2480"]

1.e4 c5 2.Nf3 Nc6 3.d4 cxd4 4.Nxd4 e6 5.Nb5 d6 6.Bf4 e5 7.Be3 a6 8.N5c3 Nf6
9.Na3 Rb8 10.Nd5 Nxd5 11.exd5 Ne7 12.Bc4 Nf5 13.Bd2 Be7 14.O-O O-O 15.Re1 Bg5
16.Bf1 Re8 17.Nc4 b5 18.Na5 Bd7 19.a4 e4 20.axb5 axb5 21.Nc6 Bxc6 22.dxc6 e3
23.fxe3 Qb6 24.Kh1 Qxc6 25.Qg4 Bxe3 26.Qxf5 Bxd2 27.Rxe8+ Qxe8 28.Bxb5 g6
29.Bxe8 gxf5 30.Bd7 Rxb2 31.Bxf5 Kg7 32.g3 Bc3 33.Ra7 Rb1+ 34.Kg2 Rg1+ 35.Kxg1 Bd4+  1/2-1/2

[Event "Debrecen"]
[Site "Debrecen"]
[Date "1988.??.??"]
[Round "?"]
[White "Szalanczy, Emil"]
[Black "Horvath, Csaba"]
[Result "0-1"]
[WhiteElo "2420"]
[BlackElo "2445"]

1.e4 c5 2.Nf3 Nc6 3.d4 cxd4 4.Nxd4 e6 5.Nb5 d6 6.Bf4 e5 7.Be3 a6 8.N5c3 Nf6
9.Na3 Rb8 10.Nd5 Nxd5 11.exd5 Ne7 12.c3 Nf5 13.Bd2 Be7 14.g3 O-O 15.Bg2 Bd7
16.O-O Bg5 17.Re1 Rc8 18.Rc1 Re8 19.Re4 h6 20.Nc4 b5 21.Na3 a5 22.Nc2 Ne7
23.Bxg5 hxg5 24.Qd2 g4 25.Ree1 Qc7 26.Ne3 Qb6 27.Qe2 f5 28.h3 gxh3 29.Bxh3 g6
30.Qd2 Kg7 31.Bf1 g5 32.Bh3 g4 33.Bf1 Ng6 34.Ng2 Kf6 35.c4 b4 36.Be2 Rh8
37.Qe3 Rc5 38.Rf1 Rh3 39.f3 Rxg3 40.Kf2 f4 41.Nxf4 exf4 42.Qd4+ Kg5 43.Rh1 Rc6
44.Qxb6 Rxb6 45.Rh7 Ne5 46.fxg4 Nxg4+ 47.Bxg4 Bxg4 48.Rch1 Rb8 49.Rg7+ Kf6
50.Rhh7 Re8 51.Rf7+ Ke5 52.Rh1 Rf3+ 53.Kg2 Re3 54.Rh4 Rg8 55.Kf2 Re2+ 56.Kf1 Rxb2
57.Re7+ Kd4 58.Rf7 Rb1+ 59.Kf2 Rb2+  0-1

[Event "Edinburgh op"]
[Site "Edinburgh"]
[Date "1988.??.??"]
[Round "7"]
[White "Pliester, Leon"]
[Black "Fatin, Tarek"]
[Result "1-0"]
[WhiteElo "2390"]
[BlackElo "2310"]

1.e4 c5 2.Nf3 e6 3.d4 cxd4 4.Nxd4 Nc6 5.Nb5 d6 6.Bf4 e5 7.Be3 a6 8.N5c3 Nf6
9.Bc4 Be7 10.O-O O-O 11.a4 Bd7 12.Na3 Rb8 13.Bg5 Nd4 14.Bxf6 Bxf6 15.Bd3 b5
16.axb5 axb5 17.Nd5 Ne6 18.c3 Nf4 19.Nb4 g6 20.g3 Nh3+ 21.Kg2 Ng5 22.h4 Ne6
23.Rh1 Bg7 24.Bc2 Nc5 25.Kg1 Be8 26.h5 h6 27.Qd5 Kh8 28.Rd1 Rb6 29.Qd2 f5
30.Nd5 Rb7 31.hxg6 Bxg6 32.exf5 Bxf5 33.Bxf5 Rxf5 34.Ne3 Rff7 35.Ng4 Ne4
36.Qe3 Ng5 37.Nxh6 Bxh6 38.Rxh6+ Rh7 39.Qxe5+ dxe5 40.Rxd8+ Kg7 41.Rxh7+ Kxh7
42.Nc2 Kg6 43.Kf1 Ne4 44.Nb4 Kf5 45.Nd3 Nf6 46.Ke2 Rb6 47.Nb4 Ke6 48.f3 Rb7
49.Ke3 Rg7 50.g4 Rb7 51.g5 Nd7 52.Nd3 Kf5 53.g6 Nf6 54.Rf8 Kxg6 55.Nxe5+ Kg7
56.Rd8 b4 57.c4 b3 58.f4 Rb4 59.Kd4 Nh5 60.Kc3 Rb7 61.Rd7+ Rxd7 62.Nxd7 Nxf4
63.Kxb3 Kf7 64.Ka4 Ke7 65.Nb6 Kd6 66.Kb5 Ne6 67.Na4 Ke5 68.b4 Kd4 69.c5 Kd5
70.Nb6+ Kd4 71.c6 Nc7+ 72.Ka5 Ke5 73.b5 Kd6 74.Na4 Nd5 75.Nb2 Ne7 76.Kb6  1-0

[Event "Edinburgh op"]
[Site "Edinburgh"]
[Date "1988.??.??"]
[Round "8"]
[White "Mannion, Stephen R"]
[Black "Morrison, Graham"]
[Result "1/2-1/2"]
[WhiteElo "2280"]
[BlackElo "2320"]

1.e4 c5 2.Nf3 e6 3.d4 cxd4 4.Nxd4 Nc6 5.Nb5 d6 6.c4 Nf6 7.N1c3 a6 8.Na3 Be7
9.Be2 O-O 10.O-O b6 11.Be3 Ne5 12.f4 Ned7 13.Bf3 Bb7 14.Qe2 Qc7 15.Rac1 Rac8
16.Rfd1 Qb8 17.Kh1 Rfe8 18.Bg1 Bf8 19.Bf2  1/2-1/2